Sacramento Kings All Stars: NBA - Statistics

General Stats
  • This quiz has been taken 16 times
  • The average score is 7 of 25
Answer Stats
Career Career With Kings All Stars Player % Correct
2018- 2018- 1x De'Aaron Fox
93%
2011-2022 2011-2017 4x DeMarcus Cousins
79%
2017- 2022- 3x Domantas Sabonis
79%
1994-2008 1999-2005 5x Chris Webber
71%
1961-1974 1961-1970 12x Oscar Robertson
71%
1990-2005 1999-2004 1x Vlade Divac
71%
1999-2011 1999-2006 3x Peja Stojakovic
64%
1989-2002 1992-1998 6x Mitch Richmond
36%
1964-1974 1964-1970 7x Jerry Lucas
29%
1971-1984 1971-1976 6x Tiny Archibald
29%
1956-1966 1956-1966 6x Jack Twyman
21%
1999-2012 2004-2009 2x Brad Miller
14%
1962-1972 1962-1970 1x Adrian Smith
7%
1949-1958 1949-1955 4x Arnie Risen
7%
1949-1957 1949-1957 5x Bobby Wanzer
7%
1949-1955 1949-1955 4x Bob Davies
7%
1950-1958 1950-1956 1x Jack Coleman
7%
1956-1958 1956-1958 3x Maurice Stokes
7%
1978-1989 1978-1981 4x Otis Birdsong
7%
1971-1983 1971-1982 1x Sam Lacey
7%
1960-1973 1970-1973 4x Johnny Green
0%
1956-1958 1956-1958 1x Richie Regan
0%
1975-1987 1975-1981 2x Scott Wedman
0%
1966-1977 1968-1973 3x Tom Van Arsdale
0%
1959-1969 1959-1966 5x Wayne Embry
0%
No matching quizzes found
Score Distribution
Percent of People with Each Score
Percentile by Number Answered
Your Score History
You have not taken this quiz